Contextualization : (Record no. 7562)
[ view plain ]
| 000 -LEADER | |
|---|---|
| fixed length control field | 00722nam a22002172 4500 |
| 001 - CONTROL NUMBER | |
| control field | 0000008437 |
| 005 - DATE AND TIME OF LATEST TRANSACTION | |
| control field | 20151217152033.0 |
| 008 - FIXED-LENGTH DATA ELEMENTS--GENERAL INFORMATION | |
| fixed length control field | 080411s xx 000 0 eng d |
| 020 ## - INTERNATIONAL STANDARD BOOK NUMBER | |
| International Standard Book Number | 085111413x : |
| Terms of availability | KES 2450 |
| 040 ## - CATALOGING SOURCE | |
| Original cataloging agency | KABU |
| Transcribing agency | KABU |
| 100 1# - MAIN ENTRY--PERSONAL NAME | |
| Personal name | Hesselgrave, David J. |
| -- | 0000149584 |
| 245 10 - TITLE STATEMENT | |
| Title | Contextualization : |
| Remainder of title | meanings, methods, and models / |
| Statement of responsibility, etc. | David J. Hesselgrave and Edward Rommen. |
| 260 ## - PUBLICATION, DISTRIBUTION, ETC. (IMPRINT) | |
| Place of publication, distribution, etc. | Leicester, England : |
| Name of publisher, distributor, etc. | Inter-Varsity Press, |
| Date of publication, distribution, etc. | 1989. |
| 300 ## - PHYSICAL DESCRIPTION | |
| Extent | xii, 281 p. |
| 650 #0 - SUBJECT ADDED ENTRY--TOPICAL TERM | |
| Topical term or geographic name as entry element | Christianity and culture. |
| -- | 0000148811 |
| 650 #0 - SUBJECT ADDED ENTRY--TOPICAL TERM | |
| Topical term or geographic name as entry element | Missions |
| General subdivision | Theory. |
| -- | 0000148268 |
| 700 1# - ADDED ENTRY--PERSONAL NAME | |
| Personal name | Rommen, Edward. |
| -- | 0000158999 |
| 908 ## - PUT COMMAND PARAMETER (RLIN) | |
| Put command parameter | 080411 |
| 950 ## - LOCAL HOLDINGS (RLIN) | |
| -- | 1 |
| Withdrawn status | Lost status | Source of classification or shelving scheme | Not for loan | Home library | Current library | Date acquired | Total Checkouts | Full call number | Barcode | Date last seen | Date last checked out | Price effective from | Koha item type |
|---|---|---|---|---|---|---|---|---|---|---|---|---|---|
| Library of Congress Classification | Kabarak, Main Campus | Kabarak, Main Campus | 17/12/2015 | 2 | BR115 .C8H47 | 005930 | 02/08/2024 | 16/08/2017 | 17/12/2015 | General Collection |